| 000 | 00574nam a2200169Ia 4500 | ||
|---|---|---|---|
| 008 | 090201s9999 xx 000 0 und d | ||
| 010 | _aKPL-51097 | ||
| 040 | _bमराठी | ||
| 041 | _aमराठी | ||
| 082 |
_a18776 _b51097 |
||
| 100 | _aसेतुमाधवराव पगडी | ||
| 245 |
_aअहकामे अलमगिरी _cसेतुमाधवराव पगडी |
||
| 260 |
_c2004 _bपरचुरे प्रकाशन |
||
| 300 |
_a143 _bमोठा |
||
| 600 | _aअहकामे अलमगिरी | ||
| 942 | _cBOOK | ||
| 999 |
_c218623 _d218623 |
||